[Event "Hurtigskak DM 2023"]
[Site "Hvidovre"]
[Date "2023.05.13"]
[Round "3.4"]
[White "Skou, Niels"]
[Black "Hansen, Jacob Ost"]
[Result "0-1"]
[WhiteElo "2104"]
[BlackElo "2338"]
[PlyCount "94"]
[EventDate "2023.05.13"]
[EventType "swiss"]
[EventRounds "7"]
[EventCountry "DEN"]
[SourceTitle "Live v. Kasper Jerwiarz"]

1. d4 Nf6 2. c4 c5 3. d5 e5 4. Nc3 d6 5. e4 Be7 6. Nge2 Nbd7 7. Ng3 h5 8. Bd3
g6 9. h3 h4 10. Nf1 Nh5 11. Ne3 a6 12. a4 Bg5 13. Ng4 O-O 14. O-O Nf4 15. Ne2
f5 16. Nxf4 exf4 17. exf5 gxf5 18. Nh2 Ne5 19. Nf3 Bd7 20. b3 Qf6 21. Rb1 Be8
22. Be2 Bh5 23. Bb2 Bxf3 24. Bxf3 Rae8 25. Ba1 a5 26. Re1 b6 27. Kh1 Qg7 28.
Bh5 Re7 29. Bf3 Bf6 30. Rg1 Qg5 31. Qd2 Rfe8 32. Bb2 Rg7 33. Qd1 Ree7 34. Bc1
Qh6 35. Bd2 Kh8 36. Kh2 Re8 37. g3 Nxf3+ 38. Qxf3 fxg3+ 39. Kh1 Qg6 40. fxg3
hxg3 41. Bf4 Bh4 42. Kg2 Re4 43. Rge1 Rge7 44. Re3 Rxe3 45. Bxe3 f4 46. Rf1
Rxe3 47. Qxf4 Qc2+ 0-1

[Event "Hurtigskak DM 2023"]
[Site "Hvidovre"]
[Date "2023.05.13"]
[Round "3.5"]
[White "Hagen, Andreas Skytte"]
[Black "Nielsen, Viktor Haarmark"]
[Result "0-1"]
[WhiteElo "2363"]
[BlackElo "2335"]
[PlyCount "100"]
[EventDate "2023.05.13"]
[EventType "swiss"]
[EventRounds "7"]
[EventCountry "DEN"]
[SourceTitle "Live v. Kasper Jerwiarz"]

1. e4 e5 2. Nf3 Nc6 3. Bb5 a6 4. Ba4 Nf6 5. O-O Be7 6. Re1 b5 7. Bb3 d6 8. c3
O-O 9. h3 Na5 10. Bc2 c5 11. d4 Qc7 12. Nbd2 Nc6 13. d5 Nd8 14. a4 Rb8 15. axb5
axb5 16. Nf1 Ne8 17. g4 g6 18. Ng3 Ng7 19. Kh2 f6 20. Be3 Nf7 21. b4 c4 22. Qd2
Bd7 23. Ra7 Rb7 24. Rea1 Rfb8 25. R7a6 Qc8 26. Ng1 f5 27. gxf5 gxf5 28. f4 fxe4
29. Bxe4 Nf5 30. Nxf5 Bxf5 31. Qc2 Bxe4 32. Qxe4 Bf6 33. Nf3 Re7 34. Ra7 Qf8
35. Rxe7 Qxe7 36. Ra7 Rb7 37. Ra8+ Kg7 38. Nd4 exd4 39. Qg2+ Ng5 40. Bxd4 Bxd4
41. cxd4 Rc7 42. fxg5 c3 43. Ra2 Qe3 44. Re2 Qxd4 45. Re4 Qxe4 46. Qxe4 c2 47.
Qd4+ Kg8 48. Qf6 c1=Q 49. Qd8+ Kf7 50. Qf6+ Ke8 0-1

[Event "Hurtigskak DM 2023"]
[Site "Hvidovre"]
[Date "2023.05.13"]
[Round "3.6"]
[White "Thorsbro, Peter"]
[Black "Ostergaard, Jens"]
[Result "1-0"]
[WhiteElo "2165"]
[BlackElo "2278"]
[PlyCount "153"]
[EventDate "2023.05.13"]
[EventType "swiss"]
[EventRounds "7"]
[EventCountry "DEN"]
[SourceTitle "Live v. Kasper Jerwiarz"]

1. d4 Nf6 2. Nf3 g6 3. g3 Bg7 4. Bg2 O-O 5. O-O d6 6. c4 Nc6 7. Nc3 a6 8. h3
Rb8 9. e4 b5 10. Qe2 Na5 11. cxb5 axb5 12. Rd1 b4 13. Nd5 c6 14. Nxf6+ Bxf6 15.
Bh6 Bg7 16. Bxg7 Kxg7 17. Rac1 Qb6 18. b3 Bd7 19. e5 d5 20. Ng5 e6 21. h4 Rbc8
22. Qf3 Qd8 23. Nh3 h5 24. Qe3 Qe7 25. Bf1 Nb7 26. Ba6 Rc7 27. Rd2 Ra8 28. Bxb7
Rxb7 29. Rdc2 Rba7 30. Qd2 Qd8 31. Qxb4 Rxa2 32. Rxa2 Rxa2 33. Qd6 Qe8 34. b4
Ra7 35. Nf4 Qf8 36. Qxf8+ Kxf8 37. Nd3 Ke7 38. Rc3 Ra4 39. Kg2 Ra1 40. Kf3 Kd8
41. Kf4 Ke7 42. Kg5 Be8 43. Kh6 Kf8 44. Kg5 Ke7 45. Kf4 Bd7 46. f3 Be8 47. g4
hxg4 48. fxg4 Rh1 49. Kg5 Rh3 50. Ra3 Kf8 51. h5 gxh5 52. gxh5 Kg7 53. Kg4 Re3
54. Kf4 Re4+ 55. Kg5 Re3 56. h6+ Kh7 57. Kf6 c5 58. bxc5 Bb5 59. Kxf7 Bxd3 60.
Ke7 Kxh6 61. c6 Rg3 62. c7 Rg7+ 63. Kd8 Bf5 64. c8=Q Rg8+ 65. Kc7 Rxc8+ 66.
Kxc8 Kg5 67. Rf3 Kg4 68. Rf1 Bd3 69. Rf2 Kg3 70. Rf6 Bf5 71. Rxf5 exf5 72. e6
f4 73. e7 f3 74. e8=Q f2 75. Qe5+ Kg4 76. Qf6 Kg3 77. Kd7 1-0

[Event "Hurtigskak DM 2023"]
[Site "Hvidovre"]
[Date "2023.05.13"]
[Round "3.7"]
[White "Pedersen, Jan Nordenbaek"]
[Black "Fedder, Steen"]
[Result "1/2-1/2"]
[WhiteElo "2148"]
[BlackElo "2380"]
[PlyCount "137"]
[EventDate "2023.05.13"]
[EventType "swiss"]
[EventRounds "7"]
[EventCountry "DEN"]
[SourceTitle "Live v. Kasper Jerwiarz"]

1. e4 e5 2. Nf3 Nc6 3. Bc4 Bc5 4. c3 Qe7 5. O-O d6 6. b4 Bb6 7. a4 a5 8. b5 Nd8
9. d4 Bg4 10. dxe5 dxe5 11. Ba3 Bc5 12. h3 Bh5 13. g4 Bg6 14. Bxc5 Qxc5 15.
Nbd2 Nf6 16. Qe2 Nd7 17. Nh4 Nb6 18. Nf5 O-O 19. Qe3 Qxe3 20. Ne7+ Kh8 21.
Nxg6+ hxg6 22. fxe3 Nxc4 23. Nxc4 f6 24. Nxe5 Re8 25. Nxg6+ Kh7 26. Nf4 Rxe4
27. Kf2 Nf7 28. Rfd1 Ne5 29. Rd4 Rxd4 30. cxd4 Ng6 31. Nxg6 Kxg6 32. Rc1 Rc8
33. Rc5 Rh8 34. Kg3 Re8 35. Kf4 Re7 36. h4 Kf7 37. e4 Ke6 38. e5 g5+ 39. hxg5
fxg5+ 40. Ke4 Rh7 41. d5+ Kd7 42. Kf5 Rh1 43. Kxg5 Re1 44. Kf6 Rf1+ 45. Kg6 Rf4
46. g5 Rxa4 47. d6 cxd6 48. Rd5 Ke6 49. exd6 Kd7 50. Kf6 Rf4+ 51. Ke5 Rf1 52.
g6 Rg1 53. Kf6 a4 54. Rd3 Rf1+ 55. Ke5 Re1+ 56. Kf4 Rg1 57. Rg3 Rxg3 58. Kxg3
a3 59. g7 a2 60. g8=Q a1=Q 61. Qf7+ Kxd6 62. Qxb7 Qe5+ 63. Kf2 Qf5+ 64. Ke2
Qe5+ 65. Kd3 Qd5+ 66. Qxd5+ Kxd5 67. b6 Kc6 68. b7 Kxb7 69. Ke3 1/2-1/2

[Event "Hurtigskak DM 2023"]
[Site "Hvidovre"]
[Date "2023.05.13"]
[Round "3.8"]
[White "Bjertrup, Mikael"]
[Black "Andersen, Mads"]
[Result "0-1"]
[WhiteElo "2256"]
[BlackElo "2615"]
[PlyCount "68"]
[EventDate "2023.05.13"]
[EventType "swiss"]
[EventRounds "7"]
[EventCountry "DEN"]
[SourceTitle "Live v. Kasper Jerwiarz"]

1. Nf3 d5 2. c4 e6 3. g3 c5 4. Bg2 Nc6 5. cxd5 exd5 6. d4 Nf6 7. O-O Be7 8. Nc3
O-O 9. dxc5 Bxc5 10. Bg5 d4 11. Ne4 Be7 12. Nxf6+ Bxf6 13. Bxf6 Qxf6 14. Re1
Rd8 15. Qa4 Be6 16. Rad1 a6 17. Rd2 Rd5 18. b4 Rad8 19. Red1 d3 20. e4 R5d7 21.
Ne1 Qc3 22. b5 Rd4 23. Rxd3 Rxd3 24. Nxd3 axb5 25. Qxb5 Bc4 26. Qxb7 Bxd3 27.
Bf1 Ne5 28. Qe7 Rf8 29. Bg2 h6 30. h4 Qc2 31. Re1 Ng4 32. Qa7 h5 33. a4 Qd2 34.
Ra1 Rc8 0-1

[Event "Hurtigskak DM 2023"]
[Site "Hvidovre"]
[Date "2023.05.13"]
[Round "3.9"]
[White "Petersen, Peter Birk"]
[Black "Hoi, Carsten"]
[Result "0-1"]
[WhiteElo "2161"]
[BlackElo "2333"]
[PlyCount "62"]
[EventDate "2023.05.13"]
[EventType "swiss"]
[EventRounds "7"]
[EventCountry "DEN"]
[SourceTitle "Live v. Kasper Jerwiarz"]

1. e4 g6 2. d4 Bg7 3. Nc3 d6 4. Nf3 Nf6 5. Bg5 h6 6. Bf4 Bg4 7. Be2 Nc6 8. Qd2
Bxf3 9. Bxf3 e5 10. dxe5 dxe5 11. Be3 Qxd2+ 12. Bxd2 Nd4 13. Bd1 h5 14. Ne2
Nxe4 15. Nxd4 exd4 16. Bf3 f5 17. O-O-O O-O-O 18. Rhf1 c5 19. h3 c4 20. Bf4
Rhe8 21. g4 hxg4 22. hxg4 Be5 23. Bxe5 Rxe5 24. gxf5 gxf5 25. Rde1 Kc7 26. Bd1
Rde8 27. f3 Ng3 28. Rxe5 Rxe5 29. Rf2 c3 30. f4 Re1 31. Rg2 Rxd1+ 0-1

[Event "Hurtigskak DM 2023"]
[Site "Hvidovre"]
[Date "2023.05.13"]
[Round "3.10"]
[White "Sylvan, Jacob"]
[Black "Zander, Emil"]
[Result "1-0"]
[WhiteElo "2325"]
[BlackElo "1982"]
[PlyCount "53"]
[EventDate "2023.05.13"]
[EventType "swiss"]
[EventRounds "7"]
[EventCountry "DEN"]
[SourceTitle "Live v. Kasper Jerwiarz"]

1. d4 Nf6 2. Nf3 d5 3. g3 c5 4. Bg2 cxd4 5. O-O h6 6. b3 Nc6 7. Nxd4 Nxd4 8.
Qxd4 Bf5 9. c4 dxc4 10. Qxc4 Rc8 11. Qb5+ Qd7 12. Qxd7+ Nxd7 13. Bxb7 Rc2 14.
Ba6 g6 15. Na3 Rc6 16. Bb5 Rb6 17. Be3 Rb7 18. Rac1 f6 19. Rfd1 e5 20. Rc8+ Kf7
21. Bc6 Rb8 22. Bxd7 Rxc8 23. Bxc8 Bxc8 24. Rd8 Ba6 25. Nc4 Rh7 26. Rd7+ Be7
27. Rxa7 1-0

[Event "Hurtigskak DM 2023"]
[Site "Hvidovre"]
[Date "2023.05.13"]
[Round "4.1"]
[White "Thybo, Jesper Sondergaard"]
[Black "Hector, Jonny"]
[Result "1-0"]
[WhiteElo "2509"]
[BlackElo "2474"]
[PlyCount "57"]
[EventDate "2023.05.13"]
[EventType "swiss"]
[EventRounds "7"]
[EventCountry "DEN"]
[SourceTitle "Live v. Kasper Jerwiarz"]

1. Nf3 d5 2. g3 Nc6 3. d4 Bf5 4. Bg2 Nb4 5. Na3 e6 6. Nh4 Be4 7. f3 g5 8. fxe4
gxh4 9. c3 Nc6 10. exd5 exd5 11. Qb3 Nge7 12. e4 dxe4 13. O-O f5 14. Bg5 hxg3
15. Rxf5 gxh2+ 16. Kh1 Nxf5 17. Bxd8 Rxd8 18. Qxb7 Ng3+ 19. Kxh2 Rd6 20. Nb5
Rg6 21. Nxc7+ Kf7 22. Bh3 Nd8 23. Qd5+ Kg7 24. Ne8+ Kh6 25. Qxd8 Nh5 26. Rg1
Bd6+ 27. Qxd6 Rxd6 28. Nxd6 Rf8 29. Nf5+ 1-0

[Event "Hurtigskak DM 2023"]
[Site "Hvidovre"]
[Date "2023.05.13"]
[Round "4.2"]
[White "Hansen, Jacob Ost"]
[Black "Olsen, Filip Boe"]
[Result "1-0"]
[WhiteElo "2338"]
[BlackElo "2435"]
[PlyCount "113"]
[EventDate "2023.05.13"]
[EventType "swiss"]
[EventRounds "7"]
[EventCountry "DEN"]
[SourceTitle "Live v. Kasper Jerwiarz"]

1. g3 d5 2. Nf3 Nf6 3. Bg2 e6 4. O-O c5 5. d3 Be7 6. Nbd2 O-O 7. e4 Nc6 8. Re1
Qc7 9. e5 Nd7 10. Qe2 b5 11. h4 a5 12. Nf1 Ba6 13. Bf4 Rfc8 14. Ne3 b4 15. Nxd5
exd5 16. e6 Qd8 17. exd7 Qxd7 18. Ne5 Nxe5 19. Qxe5 Bf6 20. Qxd5 Qxd5 21. Bxd5
Bxb2 22. Rab1 Bc3 23. Re7 Bf6 24. Rxf7 Rd8 25. Be6 Kh8 26. h5 Re8 27. Bd5 Rad8
28. Be4 Re7 29. Rxe7 Bxe7 30. Bc7 Rd7 31. Bxa5 Bb5 32. a3 Ba4 33. axb4 cxb4 34.
Bxb4 Bxc2 35. Rb2 Bxb4 36. Rxb4 Kg8 37. Rb8+ Kf7 38. Bxh7 Bxd3 39. Bxd3 Rxd3
40. Rb5 Kf6 41. Kg2 Rc3 42. g4 Ra3 43. f3 Ra4 44. Kg3 Rc4 45. g5+ Kf7 46. f4
Rc1 47. Kg4 Rh1 48. Rb7+ Kf8 49. Rb6 Kf7 50. Rb7+ Kf8 51. h6 gxh6 52. g6 Rf1
53. Rh7 h5+ 54. Kg5 Kg8 55. Rxh5 Kg7 56. Rh7+ Kg8 57. Rb7 1-0

[Event "Hurtigskak DM 2023"]
[Site "Hvidovre"]
[Date "2023.05.13"]
[Round "4.3"]
[White "Nielsen, Viktor Haarmark"]
[Black "Thorsbro, Peter"]
[Result "1-0"]
[WhiteElo "2335"]
[BlackElo "2165"]
[PlyCount "91"]
[EventDate "2023.05.13"]
[EventType "swiss"]
[EventRounds "7"]
[EventCountry "DEN"]
[SourceTitle "Live v. Kasper Jerwiarz"]

1. e4 c6 2. Nf3 d5 3. d3 dxe4 4. dxe4 Qxd1+ 5. Kxd1 g6 6. Be2 Bg7 7. c3 Nf6 8.
Nfd2 O-O 9. Kc2 e5 10. f3 Be6 11. Nc4 Nbd7 12. Be3 b5 13. Na5 Rfc8 14. a4 a6
15. axb5 cxb5 16. b4 Bf8 17. Kb2 Ne8 18. Rd1 Nd6 19. Nd2 f5 20. Nab3 Rc6 21.
Na5 Rc7 22. Nab3 Rc6 23. Nc5 Nxc5 24. Bxc5 Rac8 25. Rdc1 Bh6 26. Rc2 Bxd2 27.
Rxd2 Nb7 28. Bd1 Nxc5 29. bxc5 Kf7 30. Ra5 Ke7 31. Rd6 f4 32. Rxa6 Rxa6 33.
Rxa6 Rxc5 34. Ra7+ Bd7 35. Bb3 Kd6 36. Bd5 Rc7 37. Ra6+ Kc5 38. Kb3 Bc6 39.
Bxc6 Rxc6 40. Ra7 h5 41. Re7 Kd6 42. Rg7 Kc5 43. Ra7 Rd6 44. Re7 Kc6 45. Rxe5
Rd2 46. Re6+ 1-0

[Event "Hurtigskak DM 2023"]
[Site "Hvidovre"]
[Date "2023.05.13"]
[Round "4.4"]
[White "Meskenas, Paulius"]
[Black "Jaksland, Tim"]
[Result "1-0"]
[WhiteElo "2159"]
[BlackElo "2117"]
[PlyCount "55"]
[EventDate "2023.05.13"]
[EventType "swiss"]
[EventRounds "7"]
[EventCountry "DEN"]
[SourceTitle "Live v. Kasper Jerwiarz"]

1. e4 e5 2. Nf3 Nc6 3. d4 exd4 4. Nxd4 Qf6 5. c3 Bc5 6. Be3 Nge7 7. g3 h5 8.
Bg2 h4 9. O-O hxg3 10. hxg3 Ne5 11. f4 Nc4 12. Qe2 Nxe3 13. Qxe3 d6 14. Nd2 Bd7
15. N2b3 Bb6 16. e5 dxe5 17. fxe5 Qg6 18. Bxb7 Qh5 19. Kf2 Bc6 20. Bxc6+ Nxc6
21. Rh1 Qxh1 22. Rxh1 Rxh1 23. Qe4 Rh6 24. Kg2 Kd7 25. Qd5+ Ke8 26. Nxc6 Kf8
27. Nd8 Ke7 28. Qxa8 1-0

[Event "Hurtigskak DM 2023"]
[Site "Hvidovre"]
[Date "2023.05.13"]
[Round "4.5"]
[White "Andersen, Mads"]
[Black "Skou, Niels"]
[Result "1-0"]
[WhiteElo "2615"]
[BlackElo "2104"]
[PlyCount "60"]
[EventDate "2023.05.13"]
[EventType "swiss"]
[EventRounds "7"]
[EventCountry "DEN"]
[SourceTitle "Live v. Kasper Jerwiarz"]

1. e4 e5 2. Nf3 Nc6 3. Bc4 Bc5 4. c3 Nf6 5. d3 d6 6. O-O a6 7. a4 Ba7 8. Re1
O-O 9. h3 h6 10. Nbd2 Re8 11. b4 Be6 12. Bxe6 Rxe6 13. Bb2 Re8 14. Qb1 Nh5 15.
Nf1 Qf6 16. Bc1 Nf4 17. N1h2 g5 18. Be3 Kg7 19. b5 Ne7 20. d4 Qe6 21. Ra2 f6
22. Rd2 Qc4 23. g3 Nxh3+ 24. Kg2 Qe6 25. bxa6 bxa6 26. Qb7 Nf4+ 27. gxf4 gxf4
28. d5 Qc8 29. Qxc8 Rexc8 30. Bxa7 Rxa7 1-0

[Event "Hurtigskak DM 2023"]
[Site "Hvidovre"]
[Date "2023.05.13"]
[Round "4.6"]
[White "Hoi, Carsten"]
[Black "Pedersen, Jan Nordenbaek"]
[Result "1/2-1/2"]
[WhiteElo "2333"]
[BlackElo "2148"]
[PlyCount "59"]
[EventDate "2023.05.13"]
[EventType "swiss"]
[EventRounds "7"]
[EventCountry "DEN"]
[SourceTitle "Live v. Kasper Jerwiarz"]

1. c4 c5 2. Nf3 Nf6 3. e3 g6 4. d4 Bg7 5. Nc3 O-O 6. Be2 cxd4 7. exd4 d5 8. O-O
Nc6 9. h3 dxc4 10. Bxc4 b6 11. Re1 Bb7 12. a3 Na5 13. Ba2 Rc8 14. Ne5 Nd5 15.
Bd2 e6 16. Rc1 Nxc3 17. bxc3 b5 18. a4 a6 19. Ra1 Nc4 20. Bxc4 bxc4 21. f3 f6
22. Ng4 h5 23. Nf2 Bd5 24. Ne4 Rf7 25. Qc2 f5 26. Ng5 Re7 27. h4 Qc7 28. f4 Qc6
29. Be3 Rb7 30. Qf2 1/2-1/2

[Event "Hurtigskak DM 2023"]
[Site "Hvidovre"]
[Date "2023.05.13"]
[Round "4.7"]
[White "Pedersen, Daniel Vesterbaek"]
[Black "Sylvan, Jacob"]
[Result "0-1"]
[WhiteElo "2212"]
[BlackElo "2325"]
[PlyCount "82"]
[EventDate "2023.05.13"]
[EventType "swiss"]
[EventRounds "7"]
[EventCountry "DEN"]
[SourceTitle "Live v. Kasper Jerwiarz"]

1. e4 c5 2. c3 g6 3. d4 cxd4 4. cxd4 d5 5. e5 f6 6. exf6 Nxf6 7. Nc3 Bg7 8.
Bb5+ Nc6 9. Nge2 O-O 10. O-O Bd7 11. h3 Rc8 12. Be3 a6 13. Bxc6 Rxc6 14. Rc1 b5
15. Qb3 e6 16. a4 Rc4 17. axb5 axb5 18. Ra1 Qb8 19. Nf4 Ne8 20. Nd3 Bxd4 21.
Bxd4 Rxd4 22. Nc5 Qd6 23. Nxd7 Qxd7 24. Nxb5 Rdf4 25. Qd3 Qb7 26. Rae1 Ng7 27.
Re2 Qb6 28. Nc3 Nf5 29. Nxd5 exd5 30. Qxd5+ Kh8 31. Qe5+ Ng7 32. Re3 Qf6 33. f3
Qxe5 34. Rxe5 Rb4 35. Rf2 Nf5 36. Rd5 Rfb8 37. Rdd2 Kg7 38. g4 Nh4 39. Rd7+ Kg8
40. Rdd2 Rb3 41. f4 Nf3+ 0-1

[Event "Hurtigskak DM 2023"]
[Site "Hvidovre"]
[Date "2023.05.13"]
[Round "4.8"]
[White "Bang, Andreas"]
[Black "Nielsen Refs, Karl Emil Elmer"]
[Result "0-1"]
[WhiteElo "2287"]
[BlackElo "2056"]
[PlyCount "64"]
[EventDate "2023.05.13"]
[EventType "swiss"]
[EventRounds "7"]
[EventCountry "DEN"]
[SourceTitle "Live v. Kasper Jerwiarz"]

1. Nf3 Nf6 2. c4 e6 3. Nc3 d5 4. d4 c6 5. Bg5 Nbd7 6. Qc2 Be7 7. O-O-O dxc4 8.
e4 b5 9. e5 b4 10. Na4 b3 11. Qxc4 bxa2 12. Qxa2 Nd5 13. h4 h6 14. Bxe7 Qxe7
15. Bc4 Nb4 16. Qa3 a5 17. Kb1 Bb7 18. Rhe1 O-O 19. Rc1 Rfc8 20. Nd2 c5 21. Bb5
cxd4 22. Bxd7 Rxc1+ 23. Rxc1 Qxd7 24. Nb6 Qb5 25. Nxa8 Bxa8 26. Rc8+ Kh7 27.
Rxa8 Qe2 28. Rc8 Qxd2 29. Qxa5 Qd3+ 30. Kc1 Qf1+ 31. Kd2 Qxf2+ 32. Kd1 Qf1+ 0-1

[Event "Hurtigskak DM 2023"]
[Site "Hvidovre"]
[Date "2023.05.13"]
[Round "4.9"]
[White "Kistrup, Nicolai"]
[Black "Hagen, Andreas Skytte"]
[Result "1/2-1/2"]
[WhiteElo "2300"]
[BlackElo "2363"]
[PlyCount "81"]
[EventDate "2023.05.13"]
[EventType "swiss"]
[EventRounds "7"]
[EventCountry "DEN"]
[SourceTitle "Live v. Kasper Jerwiarz"]

1. d4 Nf6 2. c4 g6 3. Nc3 Bg7 4. e4 d6 5. Be2 O-O 6. Be3 c5 7. dxc5 Qa5 8. Bd2
Qxc5 9. Nf3 Bg4 10. Be3 Qa5 11. O-O Nc6 12. a3 Rfc8 13. b4 Qd8 14. Rc1 Bxf3 15.
gxf3 Ne5 16. Nd5 Nxd5 17. Qxd5 Qd7 18. Kg2 Rc7 19. Rfd1 Qc6 20. c5 Qxd5 21.
Rxd5 dxc5 22. Rcxc5 Rxc5 23. Rxc5 Nc6 24. Bc4 e6 25. b5 Na5 26. Ba2 Bf8 27. Rc3
Bd6 28. f4 b6 29. Rd3 Rd8 30. f5 exf5 31. exf5 gxf5 32. Bg5 Rd7 33. f4 Nb7 34.
Bh6 Kh8 35. Re3 Re7 36. Rg3 Re2+ 37. Kf1 Rxa2 38. Bg7+ Kg8 39. Bh6+ Kh8 40.
Bg7+ Kg8 41. Bh6+ 1/2-1/2

[Event "Hurtigskak DM 2023"]
[Site "Hvidovre"]
[Date "2023.05.13"]
[Round "4.10"]
[White "Fedder, Steen"]
[Black "Mejlvang, Jens Peter"]
[Result "1-0"]
[WhiteElo "2380"]
[BlackElo "1970"]
[PlyCount "143"]
[EventDate "2023.05.13"]
[EventType "swiss"]
[EventRounds "7"]
[EventCountry "DEN"]
[SourceTitle "Live v. Kasper Jerwiarz"]

1. d4 Nf6 2. c4 e6 3. g3 Bb4+ 4. Bd2 Bxd2+ 5. Qxd2 O-O 6. Bg2 d5 7. Nf3 Ne4 8.
Qc2 Qe7 9. O-O c6 10. Nbd2 Nxd2 11. Nxd2 f5 12. Nf3 Nd7 13. Rab1 Qf6 14. b4 Nb6
15. Ne5 Nxc4 16. Nxc4 dxc4 17. Qxc4 Bd7 18. a4 Rac8 19. e3 g5 20. f4 h6 21. a5
Kg7 22. Qc5 a6 23. Rbe1 Rf7 24. Rf2 Be8 25. Bf1 Rd7 26. Bc4 Bf7 27. Qe5 Rcd8
28. Rc2 Qxe5 29. fxe5 Kf8 30. Rf1 Ke7 31. Rcf2 Bg6 32. Bd3 h5 33. h4 g4 34. Rc1
Rf8 35. Bf1 Bh7 36. Rb2 Ke8 37. Bg2 Ke7 38. Kf2 Rfd8 39. Ke2 Bg6 40. Kd2 Bh7
41. Kc3 Bg6 42. Kc4 Bh7 43. Kc5 Bg6 44. Kb6 Be8 45. Rf2 Bg6 46. b5 axb5 47. a6
bxa6 48. Bxc6 Rb8+ 49. Kxa6 Rc7 50. Rc5 b4 51. Rb2 Be8 52. Bxe8 Rxc5 53. dxc5
Kxe8 54. Ka5 b3 55. Ka4 Kd7 56. Rxb3 Ra8+ 57. Kb5 Kc7 58. Rd3 Ra1 59. Rd6 Rb1+
60. Kc4 Rc1+ 61. Kd3 Rg1 62. Rxe6 Rxg3 63. Rf6 Rh3 64. e6 Rh1 65. Rf7+ Kd8 66.
c6 Rc1 67. Rd7+ Ke8 68. c7 g3 69. Rd8+ Ke7 70. c8=Q Rd1+ 71. Ke2 Rxd8 72. Qc7+
1-0

[Event "Hurtigskak DM 2023"]
[Site "Hvidovre"]
[Date "2023.05.13"]
[Round "5.1"]
[White "Nielsen, Viktor Haarmark"]
[Black "Thybo, Jesper Sondergaard"]
[Result "1/2-1/2"]
[WhiteElo "2335"]
[BlackElo "2509"]
[PlyCount "58"]
[EventDate "2023.05.13"]
[EventType "swiss"]
[EventRounds "7"]
[EventCountry "DEN"]
[SourceTitle "Live v. Kasper Jerwiarz"]

1. d4 Nf6 2. c4 e6 3. Nf3 d5 4. g3 dxc4 5. Bg2 c6 6. a4 c5 7. O-O Nc6 8. Ne5
Nxd4 9. e3 Nb3 10. Qxd8+ Kxd8 11. Ra3 Ke7 12. Nxc4 Nxc1 13. Rxc1 g6 14. Na5 Nd5
15. Rd3 Kf6 16. Nc3 Nxc3 17. Rcxc3 Rb8 18. Rd8 Bg7 19. Rxh8 Bxh8 20. Rxc5 b6
21. Nc6 bxc5 22. Nxb8 c4 23. Bf1 Kg5 24. Bxc4 Bxb2 25. Nc6 a6 26. a5 Bc3 27.
Nb8 Bxa5 28. Bxa6 Bc7 29. Bxc8 Bxb8 1/2-1/2

[Event "Hurtigskak DM 2023"]
[Site "Hvidovre"]
[Date "2023.05.13"]
[Round "5.2"]
[White "Meskenas, Paulius"]
[Black "Hansen, Jacob Ost"]
[Result "1-0"]
[WhiteElo "2159"]
[BlackElo "2338"]
[PlyCount "59"]
[EventDate "2023.05.13"]
[EventType "swiss"]
[EventRounds "7"]
[EventCountry "DEN"]
[SourceTitle "Live v. Kasper Jerwiarz"]

1. e4 c5 2. Nf3 e6 3. c3 d5 4. exd5 Qxd5 5. d4 Nf6 6. Be2 Nc6 7. O-O cxd4 8.
cxd4 Be7 9. Nc3 Qd6 10. Qa4 O-O 11. Rd1 Bd7 12. a3 Rfd8 13. Be3 Be8 14. Qc2
Rac8 15. Rac1 a6 16. b4 Qb8 17. h3 Nd5 18. Nxd5 Rxd5 19. Qe4 Rcd8 20. Bc4 R5d7
21. d5 exd5 22. Rxd5 Rxd5 23. Bxd5 Bf6 24. Bb6 Rd7 25. Bc5 Ne7 26. Bb3 Rc7 27.
Rd1 Bc6 28. Qf4 Rc8 29. Bd6 Bxf3 30. Qxf3 1-0

[Event "Hurtigskak DM 2023"]
[Site "Hvidovre"]
[Date "2023.05.13"]
[Round "5.3"]
[White "Sylvan, Jacob"]
[Black "Andersen, Mads"]
[Result "0-1"]
[WhiteElo "2325"]
[BlackElo "2615"]
[PlyCount "98"]
[EventDate "2023.05.13"]
[EventType "swiss"]
[EventRounds "7"]
[EventCountry "DEN"]
[SourceTitle "Live v. Kasper Jerwiarz"]

1. e4 e5 2. Nf3 Nc6 3. Bb5 a6 4. Ba4 Nf6 5. O-O Be7 6. Re1 b5 7. Bb3 O-O 8. c3
d5 9. exd5 Nxd5 10. Nxe5 Nxe5 11. Rxe5 c6 12. d3 Bd6 13. Re1 Bf5 14. Qf3 Re8
15. Be3 Bxd3 16. Nd2 Bg6 17. Bd4 Qg5 18. Nf1 a5 19. Bxd5 cxd5 20. Ne3 Re4 21.
g3 Rae8 22. Ng2 Qd2 23. Rxe4 Rxe4 24. Qd1 Qxb2 25. Ne3 Bh5 26. Qf1 Be2 27. Rb1
Qxa2 28. Qc1 a4 29. Ra1 Qb3 30. Bxg7 Be7 31. Nf5 f6 32. Nxe7+ Kxg7 33. Nf5+ Kg6
34. Nd6 Re6 35. Ra3 Qd1+ 36. Qxd1 Bxd1 37. Nxb5 Re1+ 38. Kg2 Kf5 39. Ra2 Ke4
40. Rd2 Bf3+ 41. Kh3 Rb1 42. Rd4+ Ke5 43. Na3 Rb3 44. Rxa4 Rxc3 45. Nb5 Rc4 46.
Ra3 Bg4+ 47. Kg2 d4 48. Ra8 Bd7 49. Rd8 Bxb5 0-1

[Event "Hurtigskak DM 2023"]
[Site "Hvidovre"]
[Date "2023.05.13"]
[Round "5.4"]
[White "Nielsen Refs, Karl Emil Elmer"]
[Black "Hector, Jonny"]
[Result "0-1"]
[WhiteElo "2056"]
[BlackElo "2474"]
[PlyCount "56"]
[EventDate "2023.05.13"]
[EventType "swiss"]
[EventRounds "7"]
[EventCountry "DEN"]
[SourceTitle "Live v. Kasper Jerwiarz"]

1. d4 d5 2. c4 c6 3. Nc3 e5 4. e3 e4 5. Qb3 Nf6 6. Bd2 Bd6 7. cxd5 O-O 8. Nge2
Re8 9. Nf4 Bxf4 10. exf4 cxd5 11. h3 Nc6 12. Be3 h5 13. Be2 Ne7 14. O-O Nf5 15.
Na4 Re6 16. Rfe1 Bd7 17. Nc5 Rb6 18. Qa3 Bb5 19. Bxb5 Rxb5 20. f3 exf3 21. Bf2
fxg2 22. Qd3 Nd6 23. b3 Nfe4 24. Nxe4 dxe4 25. Rxe4 Nxe4 26. Qxb5 Nxf2 27. Re1
Nxh3+ 28. Kxg2 Qd5+ 0-1

[Event "Hurtigskak DM 2023"]
[Site "Hvidovre"]
[Date "2023.05.13"]
[Round "5.5"]
[White "Thorsbro, Peter"]
[Black "Fedder, Steen"]
[Result "0-1"]
[WhiteElo "2165"]
[BlackElo "2380"]
[PlyCount "88"]
[EventDate "2023.05.13"]
[EventType "swiss"]
[EventRounds "7"]
[EventCountry "DEN"]
[SourceTitle "Live v. Kasper Jerwiarz"]

1. d4 d5 2. Nf3 Nf6 3. g3 Bf5 4. Bg2 e6 5. O-O h6 6. c4 c6 7. Nc3 Bd6 8. Nd2
Bc7 9. e4 dxe4 10. Ndxe4 Nxe4 11. Nxe4 O-O 12. Qb3 Bxe4 13. Bxe4 Qxd4 14. Qxb7
Qxe4 15. Qxa8 Nd7 16. Qxa7 Ne5 17. f4 Ng4 18. h3 Qd3 19. Kg2 Qe2+ 20. Rf2 Nxf2
21. Qxf2 Qxc4 22. Be3 Ra8 23. b3 Qe4+ 24. Qf3 Qc2+ 25. Qf2 Qe4+ 26. Kh2 Rd8 27.
Re1 Ba5 28. Re2 Rd1 29. Qg2 Qd3 30. Bc5 Qb5 31. Rc2 Rd5 32. Qf2 Bb4 33. Be3 c5
34. Qe2 Qd7 35. Qa6 Rd3 36. Qa8+ Kh7 37. Qe4+ f5 38. Qe5 Rd1 39. Kg2 Qc6+ 40.
Kf2 Qh1 41. g4 Qf1+ 42. Kg3 Be1+ 43. Bf2 Bxf2+ 44. Rxf2 Rd3+ 0-1

[Event "Hurtigskak DM 2023"]
[Site "Hvidovre"]
[Date "2023.05.13"]
[Round "5.6"]
[White "Olsen, Filip Boe"]
[Black "Kistrup, Nicolai"]
[Result "1-0"]
[WhiteElo "2435"]
[BlackElo "2300"]
[PlyCount "61"]
[EventDate "2023.05.13"]
[EventType "swiss"]
[EventRounds "7"]
[EventCountry "DEN"]
[SourceTitle "Live v. Kasper Jerwiarz"]

1. d4 Nf6 2. c4 e6 3. Nc3 Bb4 4. e3 O-O 5. Bd3 d5 6. a3 Bxc3+ 7. bxc3 b6 8.
cxd5 exd5 9. Ne2 Ba6 10. O-O c5 11. f3 Bxd3 12. Qxd3 Re8 13. Ng3 Nc6 14. Ra2 h5
15. Re2 h4 16. Nf5 Nh5 17. e4 g6 18. Nh6+ Kg7 19. e5 Qd7 20. Ng4 cxd4 21. cxd4
Qf5 22. Qd2 Rh8 23. Ne3 Qe6 24. f4 f5 25. exf6+ Nxf6 26. f5 Qe4 27. fxg6 Qxg6
28. Nf5+ Kf7 29. Nd6+ Kg7 30. Re6 Raf8 31. Nf5+ 1-0